Sistem Maklumat Teknikal
| Main Author: | |
|---|---|
| Format: | Book |
| Published: |
Bangi :
Institut Penilaia Negara ,
1998
|
| Subjects: |
MARC
| LEADER | 00000cam a2200000 7i4500 | ||
|---|---|---|---|
| 001 | 0000016763 | ||
| 005 | 20060703.0 | ||
| 040 | |a INS | ||
| 090 | 0 | 0 | |a J62 |
| 100 | 0 | |a Institut Penilaian Negara | |
| 245 | 1 | 0 | |a Sistem Maklumat Teknikal |c Institut Penilaian Negara |
| 260 | |a Bangi : |b Institut Penilaia Negara , |c 1998 | ||
| 300 | |a 161 p : |b ill col ; |c 29 cm. | ||
| 650 | 0 | 0 | |a Information storage and retrieval systems |
| 999 | |a J000000138 |b BOOK |c Course Notes |e Default branch | ||